000 00454nam a2200181Ia 4500
001 19530
005 20260306172700.0
008 260306t2012||||xx |||||||||||||| ||spa||
041 _aESP
082 _a340.109
_bH41
100 _aHerrera, Daniel Alejndro
_eAUT
245 0 _aLa persona y el fundamento de los derechos humanos
260 _c2012
300 _a542 páginas :
_c23 cm.
650 _aGEN
654 _aCDE
942 _cLIB
_dJUS
_fJUS
_2ddc
_n
999 _c19530
_d19530